Technology and employment : Innovation and growth in the US economy
में बचाया:
| मुख्य लेखक: | |
|---|---|
| स्वरूप: | पुस्तक |
| भाषा: | Undetermined |
| प्रकाशित: |
Washington
National Academy Press
1987
|
| विषय: | |
| टैग : |
टैग जोड़ें
कोई टैग नहीं, इस रिकॉर्ड को टैग करने वाले पहले व्यक्ति बनें!
|
| Thư viện lưu trữ: | Trung tâm Học liệu Trường Đại học Cần Thơ |
|---|
| LEADER | 00590nam a2200205Ia 4500 | ||
|---|---|---|---|
| 001 | CTU_86115 | ||
| 008 | 210402s9999 xx 000 0 und d | ||
| 082 | |a 331.12 | ||
| 082 | |b C995 | ||
| 100 | |a Cyert, Richard M. | ||
| 245 | 0 | |a Technology and employment : | |
| 245 | 0 | |b Innovation and growth in the US economy | |
| 245 | 0 | |c Richard M. Cyert, David C. Mowery | |
| 260 | |a Washington | ||
| 260 | |b National Academy Press | ||
| 260 | |c 1987 | ||
| 650 | |a Full employment policy | ||
| 650 | |z United States | ||
| 904 | |i Năm | ||
| 980 | |a Trung tâm Học liệu Trường Đại học Cần Thơ | ||